| 000 | 00822cam a2200265u 4500 | ||
|---|---|---|---|
| 001 | 76935 | ||
| 003 | BD-RjUL | ||
| 005 | 20211209082916.0 | ||
| 008 | 200206s1950 enka 000 0 eng | ||
| 035 | _a(BD-RjUL)77159) | ||
| 040 |
_aDLC _cCarP _dDLC _beng |
||
| 041 | _aeng | ||
| 082 |
_219 _a784.2 _bCAO 1950 |
||
| 100 | 1 |
_aCarse, Adam von Ahn, _d1878-1958. _9238975 |
|
| 245 | 1 | 4 |
_aThe orchestra in the XVIIIth century / _cAdam Carse |
| 260 |
_aCambridge [Eng.]: _bW. Heffer , _c[1950] |
||
| 300 |
_a176 p. : _billus., _c23 cm. |
||
| 504 | _aIncludes Index | ||
| 650 | 0 |
_aOrchestra _y18th century. _951253 |
|
| 650 | 0 |
_aOrchestral music _y18th century _xHistory and criticism. _9238976 |
|
| 906 |
_a0 _bcbc _cpremunv _du _encip _f19 _gy-gencatlg |
||
| 942 |
_2ddc _cBK |
||
| 999 |
_c76935 _d76935 |
||